000 00584nam a2200181Ia 4500
008 100920s9999 xx 000 0 und d
082 _b99457
_a910 न 07
100 _aकुंटे जगन्नाथ.
245 _aनर्मदे हर हर.
260 _bप्राजक्त प्रकाशन पुणे.
_c2007
300 _a256
_bसाधी
365 _b220
520 _aभू.प्र.
630 _aनर्मदे हर हर.
650 _aभू.प्र.
730 _aनर्मदे हर हर.
942 _cBOOK
999 _c739895
_d739892